| 000 | 01025nam a22002897i 4500 | ||
|---|---|---|---|
| 003 | EG-ScBUE | ||
| 005 | 20250429102939.0 | ||
| 008 | 150216t1993 gw adk f b 001 0 eng d | ||
| 020 | _a9783642503214 | ||
| 040 |
_aEG-ScBUE _beng _erda _cEG-ScBUE _dEG-ScBUE |
||
| 082 | 0 | 4 |
_222 _a530.141 _bZHO |
| 100 | 1 |
_aZhou, Pei-bai, _d1936- _937414 _eauthor. |
|
| 245 | 1 | 0 |
_aNumerical analysis of electromagnetic fields / _cPei-bai Zhou. |
| 264 | 1 |
_aBerlin : _bSpringer-Verlag, _c[1993] |
|
| 264 | 4 | _cc1993 | |
| 300 |
_axxi, 406 pages : _bchart, forms, tables ; _c22 cm. |
||
| 336 |
_2rdacontent _atext _btxt |
||
| 337 |
_aunmediated _2rdamedia _bn |
||
| 338 |
_avolume _bnc _2rdacarrier |
||
| 490 | 0 | _aEESES Electric energy systems and engineering series | |
| 500 | _aIncludes Appendices. | ||
| 504 | _aIncludes bibliographical references and index. | ||
| 650 | 7 |
_aElectromagnetic fields _xMathematics. _931400 _2BUEsh |
|
| 650 | 7 |
_aField theory (Physics) _xMathematics. _937415 _2BUEsh |
|
| 655 | _vReading book | ||
| 942 |
_2ddc _cBB |
||
| 999 |
_c18980 _d18952 |
||